Health, sustainability, and the built environment / (Record no. 356046)

000 -LEADER
fixed length control field 01381cam a22003257a 4500
001 - CONTROL NUMBER
control field 14960659
003 - CONTROL NUMBER IDENTIFIER
control field USPCAS-E
005 - DATE AND TIME OF LATEST TRANSACTION
control field 20180118181422.0
008 - FIXED-LENGTH DATA ELEMENTS--GENERAL INFORMATION
fixed length control field 070810s2009 nyuab b 001 0 eng d
010 ## - LIBRARY OF CONGRESS CONTROL NUMBER
LC control number 2007935037
020 ## - INTERNATIONAL STANDARD BOOK NUMBER
International Standard Book Number 9781563675256
020 ## - INTERNATIONAL STANDARD BOOK NUMBER
International Standard Book Number 1563675250
035 ## - SYSTEM CONTROL NUMBER
System control number (OCoLC)ocn213400997
040 ## - CATALOGING SOURCE
Original cataloging agency YDXCP
Transcribing agency YDXCP
Modifying agency BWX
-- OCLCQ
-- BON
-- DLC
042 ## - AUTHENTICATION CODE
Authentication code lccopycat
050 00 - LIBRARY OF CONGRESS CALL NUMBER
Classification number TH880
Item number .K67 2009
082 ## - DEWEY DECIMAL CLASSIFICATION NUMBER
Edition number 22
Classification number 720.47
Author Mark KOP-H 2009
100 1# - MAIN ENTRY--PERSONAL NAME
Personal name Kopec, David Alan.
245 10 - TITLE STATEMENT
Title Health, sustainability, and the built environment /
Statement of responsibility, etc. Dak Kopec.
260 ## - PUBLICATION, DISTRIBUTION, ETC.
Place of publication, distribution, etc. New York :
Name of publisher, distributor, etc. Fairchild Books,
Date of publication, distribution, etc. c2009.
300 ## - PHYSICAL DESCRIPTION
Extent xii, 340 p. :
Other physical details ill. (chiefly col.), col. maps ;
Dimensions 29 cm.
502 ## - DISSERTATION NOTE
Dissertation note .
504 ## - BIBLIOGRAPHY, ETC. NOTE
Bibliography, etc. note Includes bibliographical references and index.
505 0# - FORMATTED CONTENTS NOTE
Formatted contents note Environmental health and sustainability -- Overview of the human body -- Common environmentally related diseases and conditions -- Common contaminants in the built environment -- Indoor climate -- Energy systems -- Ergonomics -- Creating healthy environments for specific populations -- Safety considerations -- Promoting healthy lifestyles.
650 #0 - SUBJECT ADDED ENTRY--TOPICAL TERM
Topical term or geographic name entry element Sustainable buildings
General subdivision Design and construction.
650 #0 - SUBJECT ADDED ENTRY--TOPICAL TERM
Topical term or geographic name entry element Sustainable architecture.
906 ## - LOCAL DATA ELEMENT F, LDF (RLIN)
a 7
b cbc
c copycat
d 2
e ncip
f 20
g y-gencatlg
942 ## - ADDED ENTRY ELEMENTS (KOHA)
Source of classification or shelving scheme
Koha item type Book
Holdings
Withdrawn status Lost status Source of classification or shelving scheme Damaged status Not for loan Collection code Permanent Location Current Location Shelving location Date acquired Source of acquisition Cost, normal purchase price Total Checkouts Full call number Barcode Date last seen Price effective from Koha item type Copy number
            US-Pakistan Center for Advanced Studies in Energy (USPCAS-E) US-Pakistan Center for Advanced Studies in Energy (USPCAS-E)   02/08/2016 Golden books 12209.00   720.47 KOP-H 2009 CAS-E0001271 02/08/2016 02/08/2016 Book  
            US-Pakistan Center for Advanced Studies in Energy (USPCAS-E) US-Pakistan Center for Advanced Studies in Energy (USPCAS-E)   02/08/2016 Golden books 12209.00   720.47 KOP-H 2009 CAS-E0001272 02/08/2016 02/08/2016 Book C-2
© 2023 Central Library, National University of Sciences and Technology. All Rights Reserved.